000 01524nam0a2200373 4500
001 RU\NLR\BIBL_A\022313157
005 20260420014141.0
010 _a978-5-389-24942-4
_93000
021 _aRU
_bКН-П-24-042379
_9КН-П-24-4211
035 _a(NLR Aleph) 022313157
090 _a13664420
_c13664420
100 _a20240904d2024 k y0rusy50 ca
101 1 _arus
_cfre
102 _aRU
105 _aa z 000ay
181 0 _ai3
_baxxe
181 0 _ab1
_bxb2e
182 0 _an
200 1 _aРастения любви
_eоткройте для себя магию природных афродизиаков
_fСтефани Рибейро
_gперевод с французского Елены Савенковой
203 _aТекст
_aИзображение
_bвизуальные
_cнепосредственные
210 _aМосква
_cАзбука-Аттикус, КоЛибри
_d2024
215 _a159 с.
_cцв. ил., табл.
_d24
225 1 _aТайные знания
320 _aБиблиогр.: с. 157
333 _a18+
606 1 _aЛекарственные растения
_xПрименение в сексологии
_91485723
_3RU\NLR\AUTH\66635651
606 1 _aРастения
_xМагические свойства
_92497749
_3RU\NLR\AUTH\661481616
686 1 _aР702
686 1 _aЭ240.031
700 1 _aРибейро
_bС.
_gСтефани
942 _cBOOK
980 _aNB